000 00543nam a22001937a 4500
003 BD-DhUL
005 20161102180633.0
008 161102b1969 n |||| |||| 000 0 eng d
040 _aBD-DhUL
_cBD-DhUL
082 _a010
_bTHU
100 1 _aThomas, P. A.
245 1 0 _aThe use of bibliographic records in libraries /
_cP. A. Thomas, H. East.
260 _aLondon :
_bAslib,
_c1969.
300 _av, 15 p. ;
_c30 cm.
490 _aAslib Occasional Publication
_v3
650 _aCrystallography.
700 0 _aH. East.
942 _2ddc
_cBK
999 _c119288
_d119288